[Event "DVM U20w 2023"]
[Site "Magdeburg GER"]
[Date "2023.12.29"]
[Round "6"]
[White "Schubert, Matthea"]
[Black "Gubler, Katharina"]
[Result "0-1"]
[Termination "normal"]
[Board "4.3"]
[WhiteElo "1510"]
[BlackElo "1482"]
[WhiteClock "00:01:18"]
[BlackClock "00:04:38"]
[WhiteTeam "SC 1865 Annaberg-Buchholz"]
[BlackTeam "SK Kelheim 1920"]
[PlyCount "76"]
[WhiteFideId "16235371"]
[BlackFideId "16282990"]
[EventCountry "GER"]
[EventRounds "7"]
[EventType "team-swiss"]
[EventDate "2023.12.26"]

1. e4 {[%clk 01:30:59]} e5 {[%clk 01:30:54]} {[%emt 00:00:07]} 2. Nf3 {[%clk
01:31:24]} {[%emt 00:00:05]} Nf6 {[%clk 01:31:20]} {[%emt 00:00:04]} 3. Nc3
{[%clk 01:31:10]} {[%emt 00:00:44]} Nc6 {[%clk 01:31:41]} {[%emt 00:00:08]} 4.
Bc4 {[%clk 01:27:41]} {[%emt 00:03:59]} Nxe4 {[%clk 01:31:31]} {[%emt
00:00:41]} 5. Nxe4 {[%clk 01:26:02]} {[%emt 00:02:09]} d5 {[%clk 01:29:32]}
{[%emt 00:02:28]} 6. Bxd5 {[%clk 01:24:21]} {[%emt 00:02:11]} Qxd5 {[%clk
01:29:50]} {[%emt 00:00:12]} 7. Nc3 {[%clk 01:23:16]} {[%emt 00:01:36]} Qd8
{[%clk 01:29:18]} {[%emt 00:01:01]} 8. d3 {[%clk 01:23:28]} {[%emt 00:00:18]}
Bc5 {[%clk 01:26:25]} {[%emt 00:03:23]} 9. Be3 {[%clk 01:23:07]} {[%emt
00:00:51]} Bb6 {[%clk 01:22:26]} {[%emt 00:04:29]} 10. Qd2 {[%clk 01:19:52]}
{[%emt 00:03:45]} O-O {[%clk 01:20:31]} {[%emt 00:02:25]} 11. O-O-O {[%clk
01:19:05]} {[%emt 00:01:16]} Bf5 {[%clk 01:14:01]} {[%emt 00:07:00]} 12. Qe2
{[%clk 01:14:49]} {[%emt 00:04:44]} Nd4 {[%clk 01:12:04]} {[%emt 00:02:29]} 13.
Bxd4 {[%clk 01:08:02]} {[%emt 00:07:17]} exd4 {[%clk 01:09:14]} {[%emt
00:03:21]} 14. Nb5 {[%clk 01:02:53]} {[%emt 00:05:39]} Re8 {[%clk 01:05:12]}
{[%emt 00:04:32]} 15. Qd2 {[%clk 01:02:11]} {[%emt 00:01:09]} Qd7 {[%clk
00:59:08]} {[%emt 00:06:38]} 16. Na3 {[%clk 01:00:39]} {[%emt 00:02:01]} Qa4
{[%clk 00:53:54]} {[%emt 00:05:45]} 17. Kb1 {[%clk 00:58:24]} {[%emt 00:02:44]}
Be6 {[%clk 00:44:25]} {[%emt 00:09:59]} 18. Qf4 {[%clk 00:53:58]} {[%emt
00:04:48]} Bc5 {[%clk 00:39:47]} {[%emt 00:05:17]} 19. Nc4 {[%clk 00:51:48]}
{[%emt 00:02:39]} b5 {[%clk 00:37:15]} {[%emt 00:03:02]} 20. b3 {[%clk
00:51:33]} {[%emt 00:00:45]} Qa6 {[%clk 00:32:29]} {[%emt 00:05:16]} 21. Ncd2
{[%clk 00:40:50]} {[%emt 00:11:13]} Qb6 {[%clk 00:30:57]} {[%emt 00:02:02]} 22.
Ng5 {[%clk 00:38:54]} {[%emt 00:02:26]} a5 {[%clk 00:29:36]} {[%emt 00:01:51]}
23. Qe4 {[%clk 00:33:13]} {[%emt 00:05:32]} f5 {[%clk 00:24:24]} {[%emt
00:06:21]} 24. Qf3 {[%clk 00:30:44]} {[%emt 00:02:56]} a4 {[%clk 00:22:49]}
{[%emt 00:02:08]} 25. Rhe1 {[%clk 00:28:48]} {[%emt 00:02:26]} Bd7 {[%clk
00:18:55]} {[%emt 00:04:24]} 26. Qd5+ {[%clk 00:27:36]} {[%emt 00:01:39]} Kh8
{[%clk 00:18:00]} {[%emt 00:01:29]} 27. Qxd7 {[%clk 00:26:22]} {[%emt
00:01:43]} Rf8 {[%clk 00:16:34]} {[%emt 00:01:57]} 28. Ne6 {[%clk 00:16:08]}
{[%emt 00:10:43]} Rg8 {[%clk 00:15:38]} {[%emt 00:01:26]} 29. Nxc5 {[%clk
00:15:20]} {[%emt 00:01:18]} Qxc5 {[%clk 00:15:53]} {[%emt 00:00:15]} 30. Qe7
{[%clk 00:09:19]} {[%emt 00:06:25]} Qa7 {[%clk 00:14:58]} {[%emt 00:01:31]} 31.
b4 {[%clk 00:08:06]} {[%emt 00:01:43]} Rgc8 {[%clk 00:14:27]} {[%emt 00:01:00]}
32. Re5 {[%clk 00:07:28]} {[%emt 00:01:09]} Qb7 {[%clk 00:14:08]} {[%emt
00:00:49]} 33. Rxf5 {[%clk 00:05:45]} {[%emt 00:02:14]} Re8 {[%clk 00:11:08]}
{[%emt 00:03:29]} 34. Qg5 {[%clk 00:04:32]} {[%emt 00:01:39]} c6 {[%clk
00:09:14]} {[%emt 00:02:27]} 35. Ne4 {[%clk 00:03:42]} {[%emt 00:01:21]} Qd7
{[%clk 00:08:47]} {[%emt 00:00:56]} 36. Nc5 {[%clk 00:02:57]} {[%emt 00:01:16]}
Qc7 {[%clk 00:08:02]} {[%emt 00:01:15]} 37. h4 {[%clk 00:02:16]} {[%emt
00:01:10]} Re7 {[%clk 00:05:36]} {[%emt 00:02:56]} 38. h5 {[%clk 00:01:18]}
{[%emt 00:01:28]} a3 {[%clk 00:04:38]} {[%emt 00:01:29]} 0-1

[Event "DVM U20w 2023"]
[Site "Magdeburg GER"]
[Date "2023.12.29"]
[Round "6"]
[White "Bangsa-Giesen, Citra"]
[Black "Berndt, Christiane"]
[Result "1/2-1/2"]
[Termination "normal"]
[Board "4.4"]
[WhiteElo "1469"]
[BlackElo "1297"]
[WhiteClock "00:16:01"]
[BlackClock "00:14:35"]
[WhiteTeam "SK Kelheim 1920"]
[BlackTeam "SC 1865 Annaberg-Buchholz"]
[PlyCount "62"]
[WhiteFideId "34605274"]
[BlackFideId "16235363"]
[EventCountry "GER"]
[EventRounds "7"]
[EventType "team-swiss"]
[EventDate "2023.12.26"]

1. e4 {[%clk 01:30:57]} {[%emt 00:00:02]} e5 {[%clk 01:30:49]} {[%emt
00:00:11]} 2. Nf3 {[%clk 01:31:23]} {[%emt 00:00:05]} Nc6 {[%clk 01:31:06]}
{[%emt 00:00:12]} 3. Bc4 {[%clk 01:31:45]} {[%emt 00:00:09]} Bc5 {[%clk
01:31:29]} {[%emt 00:00:07]} 4. c3 {[%clk 01:31:54]} {[%emt 00:00:21]} Nf6
{[%clk 01:30:47]} {[%emt 00:01:11]} 5. d3 {[%clk 01:32:12]} {[%emt 00:00:14]}
O-O {[%clk 01:30:00]} {[%emt 00:01:16]} 6. O-O {[%clk 01:32:10]} {[%emt
00:00:32]} Re8 {[%clk 01:26:45]} {[%emt 00:03:45]} 7. Bb3 {[%clk 01:30:41]}
{[%emt 00:01:59]} d6 {[%clk 01:23:41]} {[%emt 00:03:34]} 8. Re1 {[%clk
01:29:30]} {[%emt 00:01:40]} h6 {[%clk 01:21:18]} {[%emt 00:02:54]} 9. Nbd2
{[%clk 01:28:42]} {[%emt 00:01:18]} Nh7 {[%clk 01:16:37]} {[%emt 00:05:11]} 10.
Nf1 {[%clk 01:27:56]} {[%emt 00:01:15]} Qf6 {[%clk 01:14:32]} {[%emt 00:02:28]}
11. h3 {[%clk 01:19:54]} {[%emt 00:08:40]} Be6 {[%clk 01:09:39]} {[%emt
00:05:23]} 12. Bc2 {[%clk 01:13:02]} {[%emt 00:07:22]} d5 {[%clk 01:06:42]}
{[%emt 00:03:26]} 13. Ng3 {[%clk 01:10:03]} {[%emt 00:03:29]} d4 {[%clk
00:55:53]} {[%emt 00:11:20]} 14. Nh5 {[%clk 01:03:55]} {[%emt 00:06:38]} Qd8
{[%clk 00:53:49]} {[%emt 00:02:33]} 15. b4 {[%clk 00:58:40]} {[%emt 00:05:45]}
Bb6 {[%clk 00:50:06]} {[%emt 00:04:14]} 16. b5 {[%clk 00:52:45]} {[%emt
00:06:25]} Ne7 {[%clk 00:49:28]} {[%emt 00:01:07]} 17. c4 {[%clk 00:50:34]}
{[%emt 00:02:42]} Ng6 {[%clk 00:48:14]} {[%emt 00:01:44]} 18. Nh2 {[%clk
00:45:26]} {[%emt 00:05:37]} Nf6 {[%emt 00:04:00]} 19. Rf1 {[%clk 00:38:35]}
{[%emt 00:07:18]} Bc5 {[%clk 00:41:29]} {[%emt 00:03:47]} 20. f4 {[%clk
00:35:29]} {[%emt 00:03:37]} exf4 {[%clk 00:36:23]} {[%emt 00:05:36]} 21. Nxf4
{[%clk 00:35:07]} {[%emt 00:00:52]} Bd6 {[%clk 00:33:02]} {[%emt 00:03:52]} 22.
Nxg6 {[%clk 00:34:42]} {[%emt 00:00:55]} fxg6 {[%clk 00:33:10]} {[%emt
00:00:21]} 23. Nf3 {[%clk 00:34:30]} {[%emt 00:00:42]} c5 {[%clk 00:31:56]}
{[%emt 00:01:44]} 24. e5 {[%clk 00:34:26]} {[%emt 00:00:35]} Nh5 {[%clk
00:30:13]} {[%emt 00:02:13]} 25. exd6 {[%clk 00:33:22]} {[%emt 00:01:34]} Qxd6
{[%clk 00:28:55]} {[%emt 00:01:48]} 26. Nh4 {[%clk 00:29:49]} {[%emt 00:04:03]}
Qg3 {[%clk 00:26:18]} {[%emt 00:03:01]} 27. Qe1 {[%clk 00:27:21]} {[%emt
00:03:03]} Qd6 {[%clk 00:21:47]} {[%emt 00:05:01]} 28. Qd1 {[%clk 00:20:36]}
{[%emt 00:07:16]} Qg3 {[%clk 00:19:46]} {[%emt 00:02:30]} 29. Qe1 {[%clk
00:19:10]} {[%emt 00:01:56]} Qd6 {[%clk 00:19:51]} {[%emt 00:00:25]} 30. Qf2
{[%clk 00:16:28]} {[%emt 00:03:13]} Rf8 {[%clk 00:18:44]} {[%emt 00:01:37]} 31.
Qe1 {[%clk 00:16:01]} {[%emt 00:00:57]} Rfe8 {[%clk 00:14:35]} {[%emt
00:04:38]} 1/2-1/2

[Event "DVM U20w 2023"]
[Site "Magdeburg GER"]
[Date "2023.12.29"]
[Round "6"]
[White "Fischer, Darja"]
[Black "Margaryan, Susanna"]
[Result "1-0"]
[Termination "normal"]
[Board "5.2"]
[WhiteElo "1775"]
[BlackElo "1464"]
[WhiteClock "01:01:16"]
[BlackClock "00:43:08"]
[WhiteTeam "Karlsruher SF 1853"]
[BlackTeam "Elmshorner SC 1896"]
[PlyCount "45"]
[WhiteFideId "16240898"]
[BlackFideId "16268210"]
[EventCountry "GER"]
[EventRounds "7"]
[EventType "team-swiss"]
[EventDate "2023.12.26"]

1. d4 {[%clk 01:30:58]} {[%emt 00:00:02]} d5 {[%clk 01:30:30]} {[%emt
00:00:30]} 2. c4 {[%clk 01:31:21]} {[%emt 00:00:06]} c6 {[%clk 01:30:47]}
{[%emt 00:00:14]} 3. Nc3 {[%clk 01:31:47]} {[%emt 00:00:04]} e6 {[%clk
01:30:40]} {[%emt 00:00:37]} 4. e4 {[%clk 01:32:12]} {[%emt 00:00:05]} dxe4
{[%clk 01:27:46]} {[%emt 00:03:26]} 5. Nxe4 {[%clk 01:32:24]} {[%emt 00:00:18]}
Nf6 {[%clk 01:27:53]} {[%emt 00:00:23]} 6. Nxf6+ {[%clk 01:32:36]} {[%emt
00:00:17]} Qxf6 {[%clk 01:27:13]} {[%emt 00:01:11]} 7. Nf3 {[%clk 01:32:35]}
{[%emt 00:00:31]} Bb4+ {[%clk 01:25:47]} {[%emt 00:01:57]} 8. Bd2 {[%clk
01:32:13]} {[%emt 00:00:50]} Bxd2+ {[%clk 01:25:53]} {[%emt 00:00:25]} 9. Qxd2
{[%clk 01:32:30]} {[%emt 00:00:13]} Nd7 {[%clk 01:24:35]} {[%emt 00:01:48]} 10.
Be2 {[%clk 01:27:49]} {[%emt 00:05:11]} O-O {[%clk 01:20:25]} {[%emt 00:04:41]}
11. O-O {[%clk 01:28:01]} {[%emt 00:00:16]} Nb6 {[%clk 01:18:55]} {[%emt
00:02:02]} 12. Rad1 {[%clk 01:21:44]} {[%emt 00:06:47]} Rd8 {[%clk 01:14:37]}
{[%emt 00:04:47]} 13. Qe3 {[%clk 01:18:10]} {[%emt 00:04:05]} Bd7 {[%clk
01:08:26]} {[%emt 00:06:40]} 14. Ng5 {[%clk 01:14:54]} {[%emt 00:03:46]} Rac8
{[%clk 01:01:37]} {[%emt 00:07:19]} 15. f4 {[%clk 01:08:14]} {[%emt 00:07:11]}
h6 {[%clk 00:57:31]} {[%emt 00:04:36]} 16. Ne4 {[%clk 01:05:10]} {[%emt
00:03:32]} Qe7 {[%clk 00:51:17]} {[%emt 00:06:45]} 17. Rf3 {[%clk 01:02:36]}
{[%emt 00:03:04]} Qb4 {[%clk 00:48:46]} {[%emt 00:03:01]} 18. b3 {[%clk
01:01:36]} {[%emt 00:01:30]} a5 {[%clk 00:48:53]} {[%emt 00:00:22]} 19. Rg3
{[%clk 01:01:25]} {[%emt 00:00:42]} a4 {[%clk 00:48:38]} {[%emt 00:00:45]} 20.
f5 {[%clk 01:01:06]} {[%emt 00:00:49]} Kf8 {[%clk 00:45:03]} {[%emt 00:04:06]}
21. f6 {[%clk 01:00:55]} {[%emt 00:00:40]} g5 {[%clk 00:43:17]} {[%emt
00:02:17]} 22. Nxg5 {[%clk 01:00:53]} {[%emt 00:00:32]} hxg5 {[%clk 00:43:08]}
{[%emt 00:00:38]} 23. Qxg5 {[%clk 01:01:16]} {[%emt 00:00:07]} 1-0

[Event "DVM U20w 2023"]
[Site "Magdeburg GER"]
[Date "2023.12.29"]
[Round "6"]
[White "Neitzel, Emma"]
[Black "Hoffmann, Sophia"]
[Result "0-1"]
[Termination "normal"]
[Board "5.3"]
[WhiteElo "1118"]
[BlackElo "1423"]
[WhiteClock "00:30:30"]
[BlackClock "00:33:38"]
[WhiteTeam "Elmshorner SC 1896"]
[BlackTeam "Karlsruher SF 1853"]
[PlyCount "78"]
[WhiteFideId "16298373"]
[BlackFideId "16259130"]
[EventCountry "GER"]
[EventRounds "7"]
[EventType "team-swiss"]
[EventDate "2023.12.26"]

1. d4 {[%clk 01:30:57]} {[%emt 00:00:01]} d5 {[%clk 01:30:57]} {[%emt
00:00:04]} 2. c4 {[%clk 01:31:18]} {[%emt 00:00:10]} c6 {[%clk 01:31:24]}
{[%emt 00:00:04]} 3. Nc3 {[%clk 01:31:41]} {[%emt 00:00:06]} Nf6 {[%clk
01:31:49]} {[%emt 00:00:04]} 4. Nf3 {[%clk 01:31:27]} {[%emt 00:00:45]} g6
{[%clk 01:30:30]} {[%emt 00:01:48]} 5. Bf4 {[%clk 01:30:59]} {[%emt 00:00:56]}
Bg7 {[%clk 01:29:43]} {[%emt 00:01:19]} 6. cxd5 {[%clk 01:30:29]} {[%emt
00:00:59]} cxd5 {[%clk 01:30:00]} {[%emt 00:00:13]} 7. e3 {[%clk 01:25:44]}
{[%emt 00:05:13]} Nc6 {[%clk 01:28:27]} {[%emt 00:02:05]} 8. Bb5 {[%clk
01:22:49]} {[%emt 00:03:24]} Bd7 {[%clk 01:26:20]} {[%emt 00:02:38]} 9. O-O
{[%clk 01:22:41]} {[%emt 00:00:36]} Nh5 {[%clk 01:25:36]} {[%emt 00:01:17]} 10.
Nxd5 {[%clk 01:12:35]} {[%emt 00:10:34]} O-O {[%clk 01:21:55]} {[%emt
00:04:11]} 11. Bc7 {[%clk 01:07:40]} {[%emt 00:05:26]} Qe8 {[%clk 01:20:27]}
{[%emt 00:01:58]} 12. Bf4 {[%clk 01:01:56]} {[%emt 00:06:11]} Nxf4 {[%clk
01:17:34]} {[%emt 00:03:26]} 13. Nc7 {[%clk 00:59:04]} {[%emt 00:03:22]} Qd8
{[%clk 01:16:24]} {[%emt 00:01:31]} 14. Nxa8 {[%clk 00:59:14]} {[%emt
00:00:29]} Nh5 {[%clk 01:16:32]} {[%emt 00:00:23]} 15. Rb1 {[%clk 00:47:46]}
{[%emt 00:11:55]} Qxa8 {[%clk 01:15:11]} {[%emt 00:01:53]} 16. d5 {[%clk
00:46:09]} {[%emt 00:02:06]} Bf5 {[%clk 01:09:59]} {[%emt 00:05:43]} 17. Bd3
{[%clk 00:42:24]} {[%emt 00:04:14]} Bxd3 {[%clk 01:09:12]} {[%emt 00:01:18]}
18. Qxd3 {[%clk 00:42:41]} {[%emt 00:00:12]} Ne5 {[%clk 01:08:28]} {[%emt
00:01:15]} 19. Nxe5 {[%clk 00:41:27]} {[%emt 00:01:45]} Bxe5 {[%clk 01:08:50]}
{[%emt 00:00:08]} 20. Qe4 {[%clk 00:35:01]} {[%emt 00:06:53]} Bd6 {[%clk
01:05:34]} {[%emt 00:03:46]} 21. Rbc1 {[%clk 00:30:36]} {[%emt 00:04:55]} Qd8
{[%clk 01:02:02]} {[%emt 00:04:01]} 22. Rc2 {[%clk 00:21:43]} {[%emt 00:09:23]}
Qa5 {[%clk 00:55:11]} {[%emt 00:07:22]} 23. a3 {[%clk 00:17:13]} {[%emt
00:05:00]} a6 {[%clk 00:48:40]} {[%emt 00:07:03]} 24. Rfc1 {[%clk 00:09:36]}
{[%emt 00:08:04]} Nf6 {[%clk 00:46:09]} {[%emt 00:03:01]} 25. Qd4 {[%clk
00:04:26]} {[%emt 00:05:40]} Qxd5 {[%clk 00:44:48]} {[%emt 00:01:53]} 26. Qxd5
{[%clk 00:02:08]} {[%emt 00:02:46]} Nxd5 {[%clk 00:45:01]} {[%emt 00:00:19]}
27. Rc8 {[%clk 00:00:33]} {[%emt 00:02:05]} Rxc8 {[%clk 00:44:31]} {[%emt
00:01:00]} 28. Rxc8+ {[%clk 00:00:57]} {[%emt 00:00:06]} Kg7 {[%clk 00:44:57]}
{[%emt 00:00:04]} 29. Rd8 {[%clk 00:00:33]} {[%emt 00:00:55]} h5 {[%clk
00:44:02]} {[%emt 00:01:24]} 30. Rd7 {[%clk 00:00:32]} {[%emt 00:00:31]} b5
{[%clk 00:42:53]} {[%emt 00:01:39]} 31. Ra7 {[%clk 00:00:32]} {[%emt 00:00:31]}
Nc7 {[%clk 00:42:50]} {[%emt 00:00:32]} 32. g3 {[%clk 00:00:32]} {[%emt
00:00:30]} Kf6 {[%clk 00:42:40]} {[%emt 00:00:39]} 33. Kg2 {[%clk 00:00:31]}
{[%emt 00:00:32]} Ke6 {[%clk 00:42:42]} {[%emt 00:00:29]} 34. f4 {[%clk
00:00:31]} {[%emt 00:00:29]} Kd7 {[%clk 00:42:07]} {[%emt 00:01:06]} 35. Rb7
{[%clk 00:00:31]} {[%emt 00:00:31]} Bc5 {[%clk 00:39:36]} {[%emt 00:03:00]} 36.
Rb8 {[%clk 00:00:31]} {[%emt 00:00:30]} Bxe3 {[%clk 00:39:10]} {[%emt
00:00:57]} 37. Rf8 {[%clk 00:00:33]} {[%emt 00:00:28]} Ke6 {[%clk 00:38:52]}
{[%emt 00:00:47]} 38. Rc8 {[%clk 00:00:54]} {[%emt 00:00:08]} Kd7 {[%clk
00:33:38]} {[%emt 00:05:45]} 39. Rf8 {[%clk 00:30:30]} {[%emt 00:00:54]} Bc1
{[%emt 00:02:06]} 0-1

[Event "DVM U20w 2023"]
[Site "Magdeburg GER"]
[Date "2023.12.29"]
[Round "6"]
[White "Chung, Dana"]
[Black "Margaryan, Mane"]
[Result "1-0"]
[Termination "normal"]
[Board "5.4"]
[WhiteElo "1289"]
[BlackElo "1217"]
[WhiteClock "00:31:22"]
[BlackClock "00:25:33"]
[WhiteTeam "Karlsruher SF 1853"]
[BlackTeam "Elmshorner SC 1896"]
[PlyCount "85"]
[WhiteFideId "16235290"]
[BlackFideId "16268237"]
[EventCountry "GER"]
[EventRounds "7"]
[EventType "team-swiss"]
[EventDate "2023.12.26"]

1. d4 {[%clk 01:30:55]} {[%emt 00:00:05]} d5 {[%clk 01:30:55]} {[%emt
00:00:05]} 2. c4 {[%clk 01:31:20]} {[%emt 00:00:06]} c6 {[%clk 01:31:23]}
{[%emt 00:00:03]} 3. Nc3 {[%clk 01:31:43]} {[%emt 00:00:06]} e6 {[%clk
01:31:44]} {[%emt 00:00:09]} 4. e4 {[%clk 01:31:56]} {[%emt 00:00:18]} Bb4
{[%clk 01:31:34]} {[%emt 00:00:39]} 5. e5 {[%clk 01:32:10]} {[%emt 00:00:16]}
Bxc3+ {[%clk 01:31:13]} {[%emt 00:00:51]} 6. bxc3 {[%clk 01:32:20]} {[%emt
00:00:20]} Ne7 {[%clk 01:30:55]} {[%emt 00:00:48]} 7. Bd3 {[%clk 01:28:22]}
{[%emt 00:04:28]} O-O {[%clk 01:30:27]} {[%emt 00:00:58]} 8. Ne2 {[%clk
01:26:27]} {[%emt 00:02:25]} b6 {[%clk 01:29:15]} {[%emt 00:01:41]} 9. Ng3
{[%clk 01:22:53]} {[%emt 00:04:04]} Bb7 {[%clk 01:27:33]} {[%emt 00:02:11]} 10.
h4 {[%clk 01:20:07]} {[%emt 00:03:18]} h6 {[%clk 01:24:21]} {[%emt 00:03:42]}
11. Qg4 {[%clk 01:16:22]} {[%emt 00:04:14]} f5 {[%clk 01:12:33]} {[%emt
00:12:18]} 12. exf6 {[%clk 01:14:05]} {[%emt 00:02:47]} Rxf6 {[%clk 01:11:46]}
{[%emt 00:01:17]} 13. Nh5 {[%clk 01:13:03]} {[%emt 00:01:33]} Rf7 {[%clk
01:10:57]} {[%emt 00:01:19]} 14. Bxh6 {[%clk 00:48:30]} {[%emt 00:25:03]} Qf8
{[%clk 01:00:44]} {[%emt 00:10:43]} 15. Nf4 {[%clk 00:39:45]} {[%emt 00:09:15]}
Bc8 {[%clk 00:57:17]} {[%emt 00:03:57]} 16. Ng6 {[%clk 00:35:05]} {[%emt
00:05:11]} Nxg6 {[%clk 00:55:37]} {[%emt 00:02:10]} 17. Qxg6 {[%clk 00:33:40]}
{[%emt 00:01:55]} Qa3 {[%clk 00:42:04]} {[%emt 00:14:02]} 18. Qh7+ {[%clk
00:12:15]} {[%emt 00:21:55]} Kf8 {[%clk 00:42:10]} {[%emt 00:00:25]} 19. Qh8+
{[%clk 00:11:48]} {[%emt 00:00:56]} Ke7 {[%clk 00:42:24]} {[%emt 00:00:16]} 20.
Bg5+ {[%clk 00:11:45]} {[%emt 00:00:34]} Kd6 {[%clk 00:40:13]} {[%emt
00:02:41]} 21. Qd8+ {[%clk 00:10:35]} {[%emt 00:01:38]} Nd7 {[%clk 00:38:55]}
{[%emt 00:01:49]} 22. Bd2 {[%clk 00:09:56]} {[%emt 00:01:09]} Bb7 {[%clk
00:33:28]} {[%emt 00:05:57]} 23. Qg5 {[%clk 00:09:46]} {[%emt 00:00:39]} Raf8
{[%clk 00:31:46]} {[%emt 00:02:12]} 24. O-O {[%clk 00:07:35]} {[%emt 00:02:41]}
Kc7 {[%clk 00:22:13]} {[%emt 00:10:04]} 25. Bg6 {[%clk 00:06:00]} {[%emt
00:02:05]} Rf6 {[%clk 00:22:00]} {[%emt 00:00:43]} 26. Qg3+ {[%clk 00:06:12]}
{[%emt 00:00:17]} Kc8 {[%clk 00:22:01]} {[%emt 00:00:30]} 27. h5 {[%clk
00:04:35]} {[%emt 00:02:07]} Ba6 {[%clk 00:19:10]} {[%emt 00:03:20]} 28. Bg5
{[%clk 00:02:47]} {[%emt 00:02:20]} Bxc4 {[%clk 00:15:30]} {[%emt 00:04:10]}
29. Rfe1 {[%clk 00:02:59]} {[%emt 00:00:16]} Rxf2 {[%clk 00:15:11]} {[%emt
00:00:50]} 30. Rxe6 {[%clk 00:01:56]} {[%emt 00:01:33]} Rf1+ {[%clk 00:09:13]}
{[%emt 00:06:27]} 31. Rxf1 {[%clk 00:02:20]} {[%emt 00:00:06]} Rxf1+ {[%clk
00:09:19]} {[%emt 00:00:24]} 32. Kh2 {[%clk 00:02:48]} {[%emt 00:00:01]} Qa4
{[%clk 00:05:24]} {[%emt 00:04:25]} 33. Re8+ {[%clk 00:00:48]} {[%emt
00:02:31]} Kb7 {[%clk 00:05:32]} {[%emt 00:00:22]} 34. Qg4 {[%clk 00:00:53]}
{[%emt 00:00:25]} Nf6 {[%clk 00:03:22]} {[%emt 00:02:40]} 35. Re7+ {[%clk
00:00:59]} {[%emt 00:00:23]} Ka6 {[%clk 00:02:39]} {[%emt 00:01:13]} 36. Qc8+
{[%clk 00:00:44]} {[%emt 00:00:44]} Kb5 {[%clk 00:02:38]} {[%emt 00:00:32]} 37.
Bxf6 {[%clk 00:00:35]} {[%emt 00:00:39]} Rxf6 {[%clk 00:02:50]} {[%emt
00:00:18]} 38. Rxg7 {[%clk 00:00:34]} {[%emt 00:00:32]} Qxa2 {[%clk 00:01:58]}
{[%emt 00:01:22]} 39. h6 {[%clk 00:00:49]} {[%emt 00:00:15]} Rf2 {[%clk
00:01:31]} {[%emt 00:00:57]} 40. Be8 {[%clk 00:01:01]} {[%emt 00:00:16]} Bf1
{[%clk 00:00:44]} {[%emt 00:01:18]} 41. Qxc6+ {[%clk 00:00:58]} {[%emt
00:00:34]} Ka5 {[%clk 00:25:21]} {[%emt 00:05:52]} 42. Rxa7+ {[%clk 00:31:01]}
{[%emt 00:00:27]} Ba6 {[%clk 00:25:33]} {[%emt 00:00:18]} 43. Qb5# {[%clk
00:31:22]} {[%emt 00:00:08]} 1-0